| 000 | 00353 a2200169 4500 | ||
|---|---|---|---|
| 001 | 190042 | ||
| 020 | _a978-85-260-1702-3 | ||
| 040 | _cMagnum | ||
| 100 | _aBandeira, Manuel | ||
| 240 | 1 | 0 |
_aEstrela da tarde _lpor |
| 245 | 1 | 0 | _aEstrela da tarde |
| 300 | _a185 | ||
| 362 | 0 | _a2012 | |
| 440 | 1 | _aGlobal | |
| 697 | _aLITERATURA GERAL | ||
| 942 | _cBK | ||
| 999 |
_c190042 _d190042 |
||